Statistics for Countries with the Most Species of Amphibians

Click here to take the quiz!

General Stats

  • This quiz has been taken 39 times
  • The average score is 8 of 10

Answer Stats

SpeciesCountries% Correct
1,022Brazil
97%
771Colombia
88%
461China
85%
434India
85%
365Indonesia
85%
396Mexico
85%
572Peru
85%
626Ecuador
76%
363Venezuela
74%
395Papua New Guinea
44%

Score Distribution

Percentile by Number Answered

Percent of People with Each Score

Your Score History

You have not taken this quiz